000
00280nam a22001217a 4500
082
_a
658.8
_b
NEW/M
100
_a
NEW WISDOM PUBLICATIONS
245
_a
MARKETING MANAGEMENT
260
_a
DELHI
_b
NEW WISDOM PUBLICATIONS
300
_a
234
650
_a
EDUCATIONAL
_z
INDIA
942
_c
BK
999
_c
5435
_d
5435